00326nam a2200121Ia 4500008004100000041000800041082001400049100002400063245004200087260004200129300002400171365000900195240624s9999 xx 000 0 und d aeng a368.3 DEL aDELLINGER JEFFREY K aHANDBOOK OF VARIABLE INCOME ANNUITIES c2006aNew JerseybJohn Wiley and Sons a776 : p. : cm. ; 22 cb30